000 00276nam a2200121Ia 4500
100 _aHaigh/Andrew
942 _cBK
654 _aanalysis
245 _aObject oriented analysis and design
260 _bTata Mc Graw hill Ltd.
_c2003
082 _a5.11
_bHAI
546 _aENGLISH
999 _c24890
_d24890